000 00245nam a2200097Ia 4500
001 686704
005 20250826161541.0
008 250824s9999 xx 000 0 und d
245 0 _aDAR ZAMANLAR 1
_cADALET AĞAOĞLU
260 _bYAPI KREDİ YAYINLARI
999 _c686704
_d686704